| 000 | 00000nam 2200000za 4500 |
| 001 | 9.841410 |
| 003 | CaOODSP |
| 005 | 20250403105950 |
| 007 | cr ||||||||||| |
| 008 | 170913s2017 oncd obs f000 0 fre d |
| 020 | |a978-0-660-09318-5 |
| 040 | |aCaOODSP|bfre |
| 043 | |an-cn--- |
| 086 | 1 |aCS98-200/2016-13F-PDF |
| 100 | 1 |aMehdi, Tahsin. |
| 245 | 14|aLes taux de cotisation des ménages à certains comptes d’épargne enregistrés |h[ressource électronique] : |bRecensement de la population, 2016. |
| 260 | |a[Ottawa] : |bStatistique Canada, |c2017. |
| 300 | |a9 p. : |bgraph. en coul. |
| 490 | 1 |aRecensement en bref |
| 500 | |aPubl. aussi en anglais sous le titre : Household contribution rates for selected registered savings accounts: Census of population, 2016. |
| 500 | |aCover title. |
| 500 | |a« Date de diffusion : le 13 septembre 2017. » |
| 500 | |aÉlaboré par Tahsin Mehdi et Paul Roberts. Cf. Remerciements. |
| 504 | |aComprend des références bibliographiques. |
| 520 | |a« Ce Recensement en bref porte sur les cotisations des ménages à des régimes enregistrés d’épargne-retraite (REER), à des régimes de pension agréés (RPA) et à des comptes d'épargne libres d'impôt (CELI) en 2015. Les pratiques de cotisation sont analysées selon l’âge, le revenu et la région afin de démystifier les habitudes d’épargne des ménages canadiens » -- Fourni par l'éditeur. |
| 651 | 6|aCanada|xRecensement, 2016. |
| 692 | 07|2gccst|aÉpargne |
| 692 | 07|2gccst|aDonnées du recensement |
| 700 | 1 |aRoberts, Paul,|d1962- |
| 710 | 2 |aStatistique Canada. |
| 775 | 08|tHousehold contribution rates for selected registered savings accounts |w(CaOODSP)9.841409 |
| 830 | #0|aRecensement en bref (Statistique Canada)|w(CaOODSP)9.830740 |
| 856 | 40|qPDF|s429 Ko|uhttps://publications.gc.ca/collections/collection_2017/statcan/98-200-x/98-200-x2016013-fra.pdf |
| 986 | |a98-200-X2016013 |